Conversations with form : (Record no. 19712)
[ view plain ]
| 000 -LEADER | |
|---|---|
| fixed length control field | 02084cam a22002655a 4500 |
| 001 - CONTROL NUMBER | |
| control field | 18046694 |
| 005 - DATE AND TIME OF LATEST TRANSACTION | |
| control field | 20151104120006.0 |
| 008 - FIXED-LENGTH DATA ELEMENTS--GENERAL INFORMATION | |
| fixed length control field | 140225s2014 enka frb 001 0 eng d |
| 020 ## - INTERNATIONAL STANDARD BOOK NUMBER | |
| International Standard Book Number | 9780415702522 (paperback) |
| 040 ## - CATALOGING SOURCE | |
| Original cataloging agency | DLC |
| Language of cataloging | eng |
| Transcribing agency | DLC |
| Modifying agency | DLC |
| -- | EG-ScBUE |
| 082 04 - DEWEY DECIMAL CLASSIFICATION NUMBER | |
| Classification number | 720.76 |
| Edition number | 22 |
| Item number | HAB |
| 100 1# - MAIN ENTRY--PERSONAL NAME | |
| Personal name | Habraken, N. J. |
| 9 (RLIN) | 38674 |
| 245 10 - TITLE STATEMENT | |
| Title | Conversations with form : |
| Remainder of title | a workbook for students of architecture / |
| Statement of responsibility, etc | N. John Habraken, Andres Mignucci, Jonathan Teicher. |
| 260 ## - PUBLICATION, DISTRIBUTION, ETC. (IMPRINT) | |
| Place of publication, distribution, etc | Oxon ; |
| -- | New York : |
| Name of publisher, distributor, etc | Routledge / Taylor & Francis Group, |
| Date of publication, distribution, etc | 2014. |
| 300 ## - PHYSICAL DESCRIPTION | |
| Extent | vii, 247 p : |
| Other physical details | ill. ; |
| Dimensions | 23 cm. |
| 500 ## - GENERAL NOTE | |
| General note | Index : p. 243-247. |
| 504 ## - BIBLIOGRAPHY, ETC. NOTE | |
| Bibliography, etc | Includes bibliographical references. |
| 520 ## - SUMMARY, ETC. | |
| Summary, etc | "Through a progressive series of exercises - accompanied by observational studies, examples and applied theory - Conversations with Form: A Workbook for Students of Architecture improves designers' understanding, dexterity and resilience in making form. It specifically focuses on the skills needed to succeed in the everyday context in which the vast majority of architects will ultimately design and build, wherein no one designs in isolation and existing conditions never represent a tabula rasa. The text begins by familiarizing readers with utilizing step-by-step sequences of moves to steer the development of built form and rapidly moves to designs of increasing complexity. These design plays treat a wide-ranging series of topics including structures, patterns, types, systems and other kinds of shared form principles. Conversations with Form is a workbook for honing hands-on skills and tools of the architect's trade. Beautifully illustrated and focused on practical, usable information, the book provides architectural students with an accessible and useable handbook for their design practice"-- |
| 650 #7 - SUBJECT ADDED ENTRY--TOPICAL TERM | |
| Topical term or geographic name as entry element | Architectural design |
| Form subdivision | Problems, exercises, etc. |
| Source of heading or term | BUEsh |
| 9 (RLIN) | 37747 |
| 650 #0 - SUBJECT ADDED ENTRY--TOPICAL TERM | |
| Topical term or geographic name as entry element | Architecture |
| General subdivision | Composition, proportion, etc. |
| Source of heading or term | BUEsh |
| 653 ## - INDEX TERM--UNCONTROLLED | |
| Resource For college | Engineering, Architecture |
| Arrived date list | June2015 |
| -- | November2015 |
| 700 1# - ADDED ENTRY--PERSONAL NAME | |
| Personal name | Mignucci Giannoni, Andres, |
| 700 1# - ADDED ENTRY--PERSONAL NAME | |
| Personal name | Teicher, Jonathan, |
| 942 ## - ADDED ENTRY ELEMENTS (KOHA) | |
| Source of classification or shelving scheme | Dewey Decimal Classification |
| Withdrawn status | Lost status | Source of classification or shelving scheme | Damaged status | Not for loan | Koha collection | Home library | Current library | Shelving location | Date acquired | Source of acquisition | Cost, normal purchase price | Serial Enumeration / chronology | Total Checkouts | Total Renewals | Full call number | Barcode | Date last seen | Date last borrowed | Cost, replacement price | Koha item type |
|---|---|---|---|---|---|---|---|---|---|---|---|---|---|---|---|---|---|---|---|---|
| Dewey Decimal Classification | Alahram | Central Library | Central Library | Second Floor | 17/06/2015 | Purchase | 360.00 | 318 | 3 | 74 | 720.76 HAB | 000038562 | 17/11/2025 | 26/11/2018 | 450.00 | Book - Borrowing |